000 00507nam a2200181Ia 4500
008 230711s9999||||xx |||||||||||||| ||und||
020 _a978-93-392-2319-9
041 _aENG
082 _a621.4022
_bCE-H
100 _aCengel,A Yunus
245 0 _aHeat and Mass Transfer : Fundamentals and Applications
250 _a5th Ed.
260 _c2017
_aNew Delhi
_bMcGraw Hill Education(India) Private Limited
300 _a944p.
650 _aMechanical Engineering
700 _aGhajar,Afshin J
942 _cBK
999 _c6633
_d6633